| 000 | nam a22 a 4500 | ||
|---|---|---|---|
| 999 |
_c341604 _d341604 |
||
| 003 | BLK | ||
| 005 | 20191019125153.0 | ||
| 008 | 180911b bul|||||r ||||||| ||bul|| | ||
| 010 | _a001234 | ||
| 040 | _aBLK | ||
| 041 |
_aBUL _cBUL |
||
| 080 | _z886.7-32 | ||
| 100 | 1 |
_aКАРАНОВСКИ, Иван _eпърви автор _9400712 |
|
| 245 | 0 | 0 | _aВетеран ; В града на кипарисите |
| 246 | _pепос-разкази | ||
| 260 |
_aСофия _bКооп. печ. Гутенберг _c1924 |
||
| 300 |
_a6 с _c21 см |
||
| 380 | _aX | ||
| 490 |
_aЧастна колекция - Академик Михаил Арнаудов _gДарение - Основен фонд |
||
| 500 | _aОтпеч. от Карановски, Ив. Мигове от вечност : 21 лир. разкази : 1924. - с. 54-60.- Бележка : Ив. Карановски | ||
| 650 |
_aПроза _9167961 |
||
| 653 | _aепос | ||
| 653 | _aразкази | ||
| 655 |
_aбългарска литература _9396199 |
||
| 852 | _aМА 4692 | ||
| 942 |
_cKNG _n0 _s1 |
||
| 944 |
_aCR _c1994 |
||
| 999 | _d341604 | ||
| 999 | _d341604 | ||
| 999 | _d341604 | ||
| 999 | _d341604 | ||